000
00278nam a22001217a 4500
041
_a
ENG
100
_a
Banerjee .G.C
245
_a
Feeds And Princples Of Animal Nutrition
260
_a
Delhi
_b
Oxford & Ibh Pub
_c
1999
300
_a
636
650
_a
Diry
856
_u
Agricultural
999
_c
640
_d
640